| 000 | 01188cam a22002895a 4500 | ||
|---|---|---|---|
| 001 | 16010828 | ||
| 005 | 20091208114309.0 | ||
| 008 | 091207s2009 enk |r 001 0 eng | ||
| 010 | _a 2009288705 | ||
| 020 | _a9780340967591 | ||
| 040 |
_aDLC _cDLC _dDLC |
||
| 082 |
_222 _a612 _bCLA |
||
| 100 | 1 |
_aClancy, John, _cPGCE. _912184 |
|
| 245 | 1 | 0 |
_aPhysiology and Anatomy for Nurses and Healthcare Practitioners : _bA Homeostatic Approach / _cJohn Clancy, Andrew J. McVicar |
| 250 | _a3rd ed. | ||
| 260 |
_aLondon : _bHodder Arnold, 2009 _c2009 |
||
| 300 |
_a724 p. : _bill. ; _c28 cm |
||
| 504 | _aIncludes bibliographical references and index | ||
| 650 | 0 |
_aHuman physiology. _912185 |
|
| 650 | 0 |
_aHuman anatomy. _912186 |
|
| 650 | 0 |
_aHomeostasis. _912187 |
|
| 700 | 1 |
_aMcVicar, Andrew J. _912188 |
|
| 856 | 4 | 2 |
_3Publisher description _uhttp://www.loc.gov/catdir/enhancements/fy1003/2009288705-d.html |
| 942 |
_2ddc _cNRB |
||
| 999 |
_c13571 _d13571 |
||